Представление документа в формате RUSMARC

ПолеНазваниеЗначение
  Тип записи a
  Библиографический уровень m
001 Контрольный номер RU/УОНБ/EK/540493373
005 Дата корректировки 20240131005758.2
010 Индекс ISBN __
a ISBN 978-5-9795-1595-3
d Цена 60 р.
9 Тираж 70 экз.
100 Данные общей обработки __
a Данные общей обработки 20170215d2016 u y0rusy0189||||ca
101 Язык документа 0_
a Язык текста rus
102 Страна публикации __
a Страна публикации RU
105 Кодированные данные (монография) __
a Кодированные данные (монография) a z 001yy
200 Заглавие и сведения об ответственности 1_
a Заглавие Вып. 12
210 Выходные данные __
d Дата издания 2016
215 Физическое описание __
a Объем 210 с.
c Иллюстрации/тип воспроизводства ил.
300 Общие примечания __
a Общие примечания Рез. англ.
320 Библиография __
a Библиография Библиогр. в конце ст.
461 Уровень набора _0
1 001RU/УОНБ/EK/308226632
1 2001
a Теплоэнергетика и теплоснабжение
e сб. науч. тр. науч.-исслед. лаборатории "Теплоэнергетические системы и установки" УлГТУ
f Федерал. агентство по образованию, Ульян. гос. техн. ун-т
g ред. В.И. Шарапов
v Вып. 12
1 2101
a Ульяновск
c УлГТУ
d 2002 -
606 Тематические рубрики 0_
a Основная рубрика Теплоэнергетика
j Формальный подзаголовок Сборники
606 Тематические рубрики 0_
a Основная рубрика Теплоснабжение
j Формальный подзаголовок Сборники
610 Ключевые слова 0_
a Ключевые слова энергосбережение
610 Ключевые слова 0_
a Ключевые слова теплоэнергетика
610 Ключевые слова 0_
a Ключевые слова теплоснабжение жилых зданий
610 Ключевые слова 0_
a Ключевые слова теплоэнергетические установки
610 Ключевые слова 0_
a Ключевые слова теплоэлектростанции
610 Ключевые слова 0_
a Ключевые слова геотермальная энергетика
610 Ключевые слова 0_
a Ключевые слова котельные установки
686 Индексы других классификаций __
a Классификационный индекс 31.3я43
2 Код системы rubbk
686 Индексы других классификаций __
a Классификационный индекс 31.38я43
2 Код системы rubbk
801 Источник записи _0
a Страна RU
b Организация Ульяновская ОНБ
c Дата составления 20170215
g Правила каталогизации RCR
801 Источник записи _1
a Страна RU
b Организация Ульяновская ОНБ
c Дата составления 20170215
g Правила каталогизации RCR
901 Тип документа __
t Тип документа n
w Контрольный № источника RU/УОНБ/EK/308226632
909 Создатель записи __
a Создатель записи Пряхина
b Дата создания записи 20170505
938 Служебная информация __
a Имя БД books
b Имя библиотеки УОНБ
c Имя АИБС МАРК-SQL
d Номер DOC_ID в БД 328661